000
00341nam a2200145Ia 4500
008
150301s2015 xx 000 0 und d
082
_a
615.1
_b
Q08J
100
_a
GLENN JENKINS
245
_a
QUANTITATIVE PHARMACEUTICAL CHEMESTRY
250
_a
6TH
260
_b
CBS- DELHI
300
_a
518
650
_a
PHARMACOLOGY
942
_2
ddc
_c
BK
_0
1
999
_c
7227
_d
7227